Люминесцентные методы изучения взаимодействия атомарных газов с поверхностью твердых тел: автореферат диссертации на соискание учёной степени кандидата физико-математических наук; спец. 01.04.07

Podrobná bibliografie
Hlavní autor: Ван Яомин
Korporativní autor: Национальный исследовательский Томский политехнический университет Инженерная школа ядерных технологий Отделение экспериментальной физики
Další autoři: Тюрин Ю. И. Юрий Иванович (научный руководитель)
Shrnutí:Заглавие с титульного экрана
Электронная версия печатной публикации
Защита сост. 16.12.2020 г.
Jazyk:ruština
Vydáno: Томск, 2020
Témata:
On-line přístup:http://earchive.tpu.ru/handle/11683/63262
Médium: Elektronický zdroj Kniha
KOHA link:https://koha.lib.tpu.ru/cgi-bin/koha/opac-detail.pl?biblionumber=345233

MARC

LEADER 00000nlm0a2200000 4500
001 345233
005 20240210110144.0
035 |a (RuTPU)RU\TPU\book\377070 
035 |a RU\TPU\book\377068 
090 |a 345233 
100 |a 20201015d2020 k y0rusy50 ca 
101 0 |a rus 
102 |a RU 
105 |a a dm 000zy 
135 |a drcn ---uucaa 
181 0 |a i  
182 0 |a b 
200 1 |a Люминесцентные методы изучения взаимодействия атомарных газов с поверхностью твердых тел  |e автореферат диссертации на соискание учёной степени кандидата физико-математических наук  |e спец. 01.04.07  |f Ван Яомин  |g Национальный исследовательский Томский политехнический университет ; науч. рук. Ю. И. Тюрин 
203 |a Текст  |c электронный 
210 |a Томск  |d 2020 
215 |a 1 файл (1 562 КБ) 
300 |a Заглавие с титульного экрана 
300 |a Электронная версия печатной публикации 
300 |a Защита сост. 16.12.2020 г. 
606 |a Поверхности твердых тел  |x Исследование  |2 stltpush  |3 (RuTPU)RU\TPU\subj\67662  |9 83383 
610 1 |a электронный ресурс 
610 1 |a труды учёных ТПУ 
610 1 |a авторефераты диссертаций 
610 1 |a люминесцентные методы 
610 1 |a взаимодействия 
610 1 |a атомарные газы 
610 1 |a поверхности 
610 1 |a твердые тела 
610 1 |a люминесценция 
610 1 |a газовые среды 
610 1 |a фосфоры 
610 1 |a пучки 
610 1 |a экспериментальные установки 
610 1 |a вакуумирование 
610 1 |a возбуждение 
610 1 |a стимуляция 
610 1 |a тушение 
610 1 |a молекулярный водород 
610 1 |a кристаллофосфоры 
610 1 |a атомарный водород 
610 1 |a металлы 
610 1 |a ускоренные электроны 
610 1 |a спектральные характеристики 
610 1 |a кинетические характеристики 
610 1 |a оптические методы 
610 1 |a неравновесные системы 
610 1 |a хемилюминесценция 
610 1 |a передача энергии 
610 1 |a нестационарные процессы 
610 1 |a гетерогенные системы 
675 |a 539.211(04)  |v 4 
686 |a 01.04.07  |2 oksvnk 
700 0 |a Ван Яомин 
702 1 |a Тюрин  |b Ю. И.  |c физик  |c профессор Томского политехнического университета, доктор физико-математических наук  |f 1950-  |g Юрий Иванович  |3 (RuTPU)RU\TPU\pers\19873  |4 727  |9 7810 
712 0 2 |a Национальный исследовательский Томский политехнический университет  |b Инженерная школа ядерных технологий  |b Отделение экспериментальной физики  |3 (RuTPU)RU\TPU\col\23549 
801 2 |a RU  |b 63413507  |c 20201109  |g RCR 
856 4 |u http://earchive.tpu.ru/handle/11683/63262 
942 |c CF